Представление документа в формате RUSMARC

ПолеНазваниеЗначение
  Тип записи a
  Библиографический уровень m
001 Контрольный номер RU/SLIB/B/208775379
005 Дата корректировки 20260408142042.4
010 Индекс ISBN __
d Цена 57 760-00
101 Язык документа 0_
a Язык текста rus
200 Заглавие и сведения об ответственности 1_
a Заглавие Сон в красном тереме
f Первые сведения об ответственности Сюэцинь Цао
b Общее обозначение материала Текст
h Номер части Т. 3
e Сведения, относящиеся к заглавию в 3 т.
g Последующие сведения об ответственности пер. с кит. В. Панасюка ; послесл. Д. Воскресенского ; прим. И. Голубева и В. Панасюка ; оформл. худож. , Копылова
210 Выходные данные 1_
a Место издания М.
c Издательство Худож. лит.
d Дата издания 1995
215 Физическое описание __
a Объем 607 с.
225 Серия 2_
a Серия Библиотека китайской литертауры
606 Тематические рубрики __
a Основная рубрика Художественная литература
y Географическая подрубрика Китай
606 Тематические рубрики __
a Основная рубрика Литература Азии (произведения)
610 Ключевые слова 0_
a Ключевые слова китайская литература; романы
686 Индексы других классификаций __
a Классификационный индекс 84(5Кит)-4
700 Автор _1
a Фамилия Цао
g Полное личное имя Сюэцинь
4 Код отношения 070
801 Источник записи _0
a Страна RU
b Организация Муниципальное бюджетное учреждение культуры "Централизованная библиотечная система" г. Сургут (Центральная городская библиотека им. А. С. Пушкина)
g Правила каталогизации КиК/Лебедева
801 Источник записи _1
a Страна RU
b Организация Муниципальное бюджетное учреждение культуры "Централизованная библиотечная система" г. Сургут (Центральная городская библиотека им. А. С. Пушкина)
g Правила каталогизации КиК/Лебедева
852 Данные о местонахождении __
j Шифр хранения 84(5Кит)-4
i Авторский знак Ц 16
p Инвентарный номер 65421
901 Тип документа __
t Тип документа m
990 Данные о заказе (DOS) __
j Количество экземпляров (DOS) 1
t N записи в КСУ для И/У (DOS) 199701